[Event "WCO 2016"]
[Site "?"]
[Date "2016.09.13"]
[Round "11"]
[Board "1"]
[WhiteID "2020009"]
[White "Caruana Fabiano"]
[BlackID "4100140"]
[Black "Bareev Evgeny"]
[Result "1-0"]
[BlackElo "2675"]
[WhiteElo "2808"]
[LiveChessVersion "1.4.8"]

1. e4 {[%clk 1:30:57]} c6 {[%clk 1:28:49]} 2. d4 {[%clk 1:31:21]} d5
{[%clk 1:29:11]} 3. e5 {[%clk 1:31:45]} Bf5 {[%clk 1:29:38]} 4. Nf3
{[%clk 1:32:09]} e6 {[%clk 1:30:07]} 5. Be2 {[%clk 1:32:33]} Nd7 {[%clk 1:30:29]}
6. O-O {[%clk 1:32:47]} Bg6 {[%clk 1:30:50]} 7. a4 {[%clk 1:32:00]} Ne7
{[%clk 1:28:10]} 8. a5 {[%clk 1:29:07]} a6 {[%clk 1:21:22]} 9. b4
{[%clk 1:21:30]} Nf5 {[%clk 1:13:07]} 10. c3 {[%clk 1:21:54]} f6 {[%clk 1:13:31]}
11. Bf4 {[%clk 1:15:13]} fxe5 {[%clk 1:11:52]} 12. dxe5 {[%clk 1:14:07]} Be7
{[%clk 1:08:40]} 13. g4 {[%clk 0:50:16]} Nh4 {[%clk 0:59:57]} 14. Nd4
{[%clk 0:50:41]} Bf7 {[%clk 1:00:23]} 15. Bg3 {[%clk 0:51:08]} h5
{[%clk 0:59:52]} 16. gxh5 {[%clk 0:47:41]} Qc7 {[%clk 0:53:15]} 17. Bg4
{[%clk 0:46:23]} Rh6 {[%clk 0:47:21]} 18. f4 {[%clk 0:45:12]} c5 {[%clk 0:46:37]}
19. bxc5 {[%clk 0:44:53]} Qxc5 {[%clk 0:41:07]} 20. Kh1 {[%clk 0:38:10]} O-O-O
{[%clk 0:40:47]} 21. Nd2 {[%clk 0:30:13]} Rdh8 {[%clk 0:39:26]} 22. Qe1
{[%clk 0:29:18]} Bxh5 {[%clk 0:32:14]} 23. Bxe6 {[%clk 0:25:33]} Be8
{[%clk 0:25:08]} 24. f5 {[%clk 0:24:33]} Bd8 {[%clk 0:25:10]} 25. Rf4
{[%clk 0:17:53]} g5 {[%clk 0:23:45]} 26. Rf2 {[%clk 0:17:44]} Bc7
{[%clk 0:23:59]} 27. Qe3 {[%clk 0:13:46]} Kb8 {[%clk 0:22:25]} 28. f6
{[%clk 0:12:37]} Nf8 {[%clk 0:21:33]} 29. Bg4 {[%clk 0:12:41]} Nhg6
{[%clk 0:20:46]} 30. N2b3 {[%clk 0:12:23]} Qa7 {[%clk 0:21:06]} 31. f7
{[%clk 0:12:23]} 1-0

[Event "WCO 2016"]
[Site "?"]
[Date "2016.09.13"]
[Round "11"]
[Board "5"]
[WhiteID "14102951"]
[White "Eljanov Pavel"]
[BlackID "14602377"]
[Black "Beliavsky Alexander G"]
[Result "1-0"]
[BlackElo "2602"]
[WhiteElo "2739"]
[LiveChessVersion "1.4.8"]

1. Nf3 {[%clk 1:30:57]} Nf6 {[%clk 1:30:08]} 2. g3 {[%clk 1:31:02]} d5
{[%clk 1:29:46]} 3. Bg2 {[%clk 1:31:23]} c6 {[%clk 1:29:45]} 4. c4
{[%clk 1:30:57]} Bf5 {[%clk 1:23:28]} 5. Qb3 {[%clk 1:28:18]} Qb6
{[%clk 1:20:20]} 6. d3 {[%clk 1:27:42]} e6 {[%clk 1:18:12]} 7. cxd5
{[%clk 1:09:25]} Qxb3 {[%clk 1:16:50]} 8. axb3 {[%clk 1:09:49]} exd5
{[%clk 1:16:56]} 9. Bd2 {[%clk 1:07:00]} Na6 {[%clk 1:13:52]} 10. Na3
{[%clk 1:03:16]} Be7 {[%clk 1:09:37]} 11. Nc2 {[%clk 1:02:20]} O-O
{[%clk 1:09:01]} 12. Nfd4 {[%clk 1:01:23]} Bd7 {[%clk 1:08:59]} 13. b4
{[%clk 1:01:45]} Nc7 {[%clk 1:06:39]} 14. Nb3 {[%clk 0:59:23]} Rfd8
{[%clk 1:03:43]} 15. Nc5 {[%clk 0:54:54]} Bc8 {[%clk 1:03:19]} 16. h3
{[%clk 0:32:33]} Nd7 {[%clk 1:02:16]} 17. Nb3 {[%clk 0:29:41]} Nf8
{[%clk 1:00:29]} 18. g4 {[%clk 0:25:34]} Nb5 {[%clk 0:58:38]} 19. f4
{[%clk 0:18:30]} f5 {[%clk 0:46:24]} 20. g5 {[%clk 0:18:26]} d4 {[%clk 0:44:38]}
21. O-O {[%clk 0:10:16]} Be6 {[%clk 0:40:01]} 22. Nc5 {[%clk 0:10:15]} Bxc5
{[%clk 0:40:07]} 23. bxc5 {[%clk 0:10:40]} Bd5 {[%clk 0:40:30]} 24. Ne1
{[%clk 0:06:18]} Bxg2 {[%clk 0:40:08]} 25. Kxg2 {[%clk 0:06:45]} Ne6
{[%clk 0:17:56]} 26. b4 {[%clk 0:07:11]} a5 {[%clk 0:17:31]} 27. Rxa5
{[%clk 0:07:31]} Rxa5 {[%clk 0:17:57]} 28. bxa5 {[%clk 0:07:58]} Nxc5
{[%clk 0:18:25]} 29. Nf3 {[%clk 0:08:20]} Nb3 {[%clk 0:15:03]} 30. Rb1
{[%clk 0:07:51]} Nxd2 {[%clk 0:15:04]} 31. Nxd2 {[%clk 0:08:15]} Re8
{[%clk 0:15:07]} 32. Kf1 {[%clk 0:08:42]} Kf7 {[%clk 0:10:37]} 33. Nc4
{[%clk 0:03:56]} Ke6 {[%clk 0:10:38]} 34. Kf2 {[%clk 0:03:59]} Kd5
{[%clk 0:10:30]} 35. Kf3 {[%clk 0:04:08]} Kc5 {[%clk 0:09:00]} 36. Ne5
{[%clk 0:03:19]} Ra8 {[%clk 0:08:11]} 37. Nd7+ {[%clk 0:03:31]} Kd6
{[%clk 0:08:32]} 38. Nb6 {[%clk 0:03:57]} Re8 {[%clk 0:08:56]} 39. Nc4+
{[%clk 0:04:22]} Kc5 {[%clk 0:09:22]} 40. Rb2 {[%clk 0:32:23]} Re7
{[%clk 0:33:50]} 41. Ne5 {[%clk 0:30:02]} Nd6 {[%clk 0:29:34]} 42. h4
{[%clk 0:20:08]} Nf7 {[%clk 0:27:56]} 43. Nc4 {[%clk 0:20:29]} Nd6
{[%clk 0:27:53]} 44. Ne5 {[%clk 0:20:48]} Nf7 {[%clk 0:28:17]} 45. Rc2+
{[%clk 0:21:10]} Kd6 {[%clk 0:26:18]} 46. Nc4+ {[%clk 0:21:12]} Kc7
{[%clk 0:25:44]} 47. Kf2 {[%clk 0:17:53]} Re8 {[%clk 0:21:10]} 48. Nd2
{[%clk 0:13:23]} Nd8 {[%clk 0:20:09]} 49. Rc5 {[%clk 0:13:26]} g6
{[%clk 0:17:15]} 50. Nb3 {[%clk 0:12:51]} Ne6 {[%clk 0:17:08]} 51. Re5
{[%clk 0:13:13]} Kd7 {[%clk 0:17:29]} 52. Kg3 {[%clk 0:11:21]} Rb8
{[%clk 0:15:42]} 53. h5 {[%clk 0:09:06]} Kd6 {[%clk 0:12:51]} 54. Nd2
{[%clk 0:08:52]} Ke7 {[%clk 0:12:38]} 55. Kf3 {[%clk 0:05:36]} Rd8
{[%clk 0:12:19]} 56. Nc4 {[%clk 0:05:40]} Ra8 {[%clk 0:10:44]} 57. Kg3
{[%clk 0:05:59]} Ra6 {[%clk 0:09:45]} 58. Nd2 {[%clk 0:06:01]} Ra8
{[%clk 0:09:51]} 59. Kf2 {[%clk 0:03:58]} Rd8 {[%clk 0:08:43]} 60. Kf3
{[%clk 0:03:21]} Ra8 {[%clk 0:08:55]} 61. Nc4 {[%clk 0:03:42]} Ra6
{[%clk 0:06:30]} 62. Nb6 {[%clk 0:04:06]} Kd6 {[%clk 0:06:53]} 63. Kg3
{[%clk 0:04:31]} Ke7 {[%clk 0:06:18]} 64. Kf2 {[%clk 0:04:25]} Kd6
{[%clk 0:06:44]} 65. e3 {[%clk 0:04:45]} dxe3+ {[%clk 0:06:14]} 66. Kxe3
{[%clk 0:05:11]} Nc7 {[%clk 0:05:33]} 67. Nc8+ {[%clk 0:04:24]} Kd7
{[%clk 0:05:38]} 68. Nb6+ Kd6 69. Nc4+ {[%clk 0:01:39]} Kd7 {[%clk 0:06:32]} 70.
Kf3 {[%clk 0:01:50]} Ne6 {[%clk 0:06:32]} 71. hxg6 {[%clk 0:01:50]} hxg6
{[%clk 0:06:32]} 72. Re1 {[%clk 0:01:50]} Nd4+ {[%clk 0:06:32]} 73. Kf2
{[%clk 0:01:50]} c5 {[%clk 0:06:32]} 74. Rh1 {[%clk 0:01:50]} b5 {[%clk 0:02:09]}
75. axb6 {[%clk 0:01:38]} Ra2+ {[%clk 0:02:36]} 76. Kg3 {[%clk 0:02:01]} Ne2+
{[%clk 0:03:00]} 77. Kh4 {[%clk 0:02:22]} Nxf4 {[%clk 0:01:33]} 78. b7
{[%clk 0:02:25]} 1-0

[Event "WCO 2016"]
[Site "?"]
[Date "2016.09.13"]
[Round "11"]
[Board "6"]
[WhiteID "14603853"]
[White "Lenic Luka"]
[BlackID "14103320"]
[Black "Ponomariov Ruslan"]
[Result "1/2-1/2"]
[BlackElo "2709"]
[WhiteElo "2622"]
[LiveChessVersion "1.4.8"]

1. d4 {[%clk 1:30:55]} Nf6 {[%clk 1:30:54]} 2. c4 {[%clk 1:31:18]} e6
{[%clk 1:31:13]} 3. Nc3 {[%clk 1:31:42]} Bb4 {[%clk 1:31:31]} 4. Qc2
{[%clk 1:32:07]} c5 {[%clk 1:31:27]} 5. dxc5 {[%clk 1:31:26]} O-O
{[%clk 1:31:50]} 6. Nf3 {[%clk 1:30:23]} Na6 {[%clk 1:29:57]} 7. g3
{[%clk 1:29:50]} Nxc5 {[%clk 1:29:30]} 8. Bg2 {[%clk 1:30:15]} b6
{[%clk 1:28:33]} 9. O-O {[%clk 1:30:32]} Bb7 {[%clk 1:28:45]} 10. Nb5
{[%clk 1:30:44]} Be4 {[%clk 1:18:24]} 11. Qd1 {[%clk 1:30:58]} Nb7
{[%clk 1:18:44]} 12. a3 {[%clk 1:30:55]} Be7 {[%clk 1:11:37]} 13. Bf4
{[%clk 1:27:50]} a6 {[%clk 1:02:22]} 14. Nc3 {[%clk 1:26:27]} Bc6
{[%clk 1:01:14]} 15. Rc1 {[%clk 1:20:45]} Na5 {[%clk 0:53:33]} 16. Nb1
{[%clk 1:10:12]} b5 {[%clk 0:44:24]} 17. c5 {[%clk 1:07:21]} Rc8 {[%clk 0:42:15]}
18. Nbd2 {[%clk 0:59:24]} Nb7 {[%clk 0:35:25]} 19. b4 {[%clk 0:58:48]} d6
{[%clk 0:34:34]} 20. cxd6 {[%clk 0:58:12]} Nxd6 {[%clk 0:33:56]} 21. Be5
{[%clk 0:55:39]} Qb6 {[%clk 0:27:42]} 22. Qb3 {[%clk 0:52:28]} Nde4
{[%clk 0:23:42]} 23. Nxe4 {[%clk 0:44:33]} Bxe4 {[%clk 0:23:02]} 24. Qb2
{[%clk 0:44:50]} Qb7 {[%clk 0:19:25]} 25. Rfd1 {[%clk 0:44:36]} h6
{[%clk 0:19:21]} 26. h3 {[%clk 0:37:28]} Bd5 {[%clk 0:17:37]} 27. Ne1
{[%clk 0:30:28]} Bxg2 {[%clk 0:17:43]} 28. Nxg2 {[%clk 0:30:54]} Rxc1
{[%clk 0:16:20]} 29. Rxc1 {[%clk 0:31:11]} Rc8 {[%clk 0:16:39]} 30. Rxc8+
{[%clk 0:31:26]} Qxc8 {[%clk 0:17:07]} 31. Nf4 {[%clk 0:29:59]} 1/2-1/2

[Event "WCO 2016"]
[Site "?"]
[Date "2016.09.13"]
[Round "11"]
[Board "7"]
[WhiteID "14105730"]
[White "Korobov Anton"]
[BlackID "14603152"]
[Black "Borisek Jure"]
[Result "1-0"]
[BlackElo "2558"]
[WhiteElo "2675"]
[LiveChessVersion "1.4.8"]

1. d4 {[%clk 1:30:55]} Nf6 {[%clk 1:30:49]} 2. c4 {[%clk 1:31:15]} g6
{[%clk 1:31:15]} 3. Nc3 {[%clk 1:31:34]} d5 {[%clk 1:31:42]} 4. cxd5
{[%clk 1:31:49]} Nxd5 {[%clk 1:32:09]} 5. e4 {[%clk 1:32:11]} Nxc3
{[%clk 1:32:36]} 6. bxc3 {[%clk 1:32:33]} Bg7 {[%clk 1:33:02]} 7. Nf3
{[%clk 1:32:55]} c5 {[%clk 1:33:24]} 8. Be3 {[%clk 1:33:18]} Qa5 {[%clk 1:33:16]}
9. Nd2 {[%clk 1:33:35]} Nd7 {[%clk 1:29:34]} 10. Qc2 {[%clk 1:31:01]} O-O
{[%clk 1:27:59]} 11. Be2 {[%clk 1:30:51]} e6 {[%clk 1:21:33]} 12. a4
{[%clk 1:23:07]} Qc7 {[%clk 1:20:16]} 13. Qa2 {[%clk 1:19:13]} Nf6
{[%clk 1:11:53]} 14. O-O {[%clk 1:08:26]} Bd7 {[%clk 1:06:44]} 15. f3
{[%clk 1:05:18]} Rfc8 {[%clk 1:06:32]} 16. Nb3 {[%clk 1:01:19]} cxd4
{[%clk 0:59:45]} 17. cxd4 {[%clk 1:01:00]} Qc2 {[%clk 1:00:10]} 18. Nc5
{[%clk 0:57:48]} Qxa2 {[%clk 0:59:22]} 19. Rxa2 {[%clk 0:58:15]} Bc6
{[%clk 0:58:48]} 20. Rc1 {[%clk 0:52:29]} Nd7 {[%clk 0:44:07]} 21. Nb3
{[%clk 0:46:03]} a5 {[%clk 0:44:29]} 22. Kf2 {[%clk 0:43:36]} Nb6
{[%clk 0:34:12]} 23. d5 {[%clk 0:39:19]} Nxd5 {[%clk 0:28:38]} 24. exd5
{[%clk 0:39:05]} Bxd5 {[%clk 0:29:04]} 25. Rxc8+ {[%clk 0:39:30]} Rxc8
{[%clk 0:29:30]} 26. Bd1 {[%clk 0:39:56]} Bc3 {[%clk 0:24:26]} 27. Bd2
{[%clk 0:34:24]} b6 {[%clk 0:20:11]} 28. Bxc3 {[%clk 0:31:24]} Rxc3
{[%clk 0:20:36]} 29. Rb2 {[%clk 0:31:49]} b5 {[%clk 0:17:11]} 30. Nxa5
{[%clk 0:31:14]} bxa4 {[%clk 0:17:36]} 31. Bxa4 {[%clk 0:31:39]} Ra3
{[%clk 0:16:13]} 32. Rb4 {[%clk 0:32:07]} Ra2+ {[%clk 0:14:19]} 33. Kg3
{[%clk 0:32:34]} Kg7 {[%clk 0:14:30]} 34. Nc4 {[%clk 0:32:13]} Bxc4
{[%clk 0:14:28]} 35. Rxc4 {[%clk 0:32:40]} h6 {[%clk 0:14:02]} 36. Bc2
{[%clk 0:28:43]} Ra7 {[%clk 0:14:11]} 37. h4 {[%clk 0:28:00]} Rb7
{[%clk 0:13:28]} 38. Kf4 {[%clk 0:24:17]} Rd7 {[%clk 0:13:33]} 39. g4
{[%clk 0:24:00]} Kf6 {[%clk 0:12:55]} 40. Rc5 {[%clk 0:53:18]} Ra7
{[%clk 0:41:12]} 41. h5 {[%clk 0:50:53]} gxh5 {[%clk 0:38:05]} 42. Rxh5
{[%clk 0:48:27]} Kg7 {[%clk 0:38:13]} 43. Be4 {[%clk 0:48:50]} Rc7
{[%clk 0:32:36]} 44. Ke5 {[%clk 0:46:09]} Ra7 {[%clk 0:30:52]} 45. g5
{[%clk 0:45:05]} Ra5+ {[%clk 0:29:12]} 46. Kf4 {[%clk 0:45:30]} 1-0

[Event "WCO 2016"]
[Site "?"]
[Date "2016.09.13"]
[Round "11"]
[Board "8"]
[WhiteID "14602296"]
[White "Sebenik Matej"]
[BlackID "14107090"]
[Black "Volokitin Andrei"]
[Result "0-1"]
[BlackElo "2647"]
[WhiteElo "2526"]
[LiveChessVersion "1.4.8"]

1. Nf3 {[%clk 1:30:53]} d5 {[%clk 1:29:43]} 2. d4 {[%clk 1:30:50]} Nf6
{[%clk 1:30:04]} 3. c4 {[%clk 1:31:17]} e6 {[%clk 1:30:23]} 4. g3
{[%clk 1:31:39]} Bb4+ {[%clk 1:30:44]} 5. Bd2 {[%clk 1:32:03]} Be7
{[%clk 1:31:07]} 6. Bg2 {[%clk 1:32:28]} O-O {[%clk 1:31:32]} 7. O-O
{[%clk 1:32:54]} c6 {[%clk 1:31:57]} 8. Qc2 {[%clk 1:32:50]} b6 {[%clk 1:32:09]}
9. Bf4 {[%clk 1:32:20]} Nbd7 {[%clk 1:23:22]} 10. Rd1 {[%clk 1:32:03]} Ba6
{[%clk 1:23:32]} 11. b3 {[%clk 1:32:27]} Rc8 {[%clk 1:20:04]} 12. Nc3
{[%clk 1:32:36]} Qe8 {[%clk 1:19:32]} 13. e4 {[%clk 1:31:22]} dxc4
{[%clk 1:11:07]} 14. h3 {[%clk 1:29:31]} Bb4 {[%clk 0:50:04]} 15. Ne2
{[%clk 0:52:58]} cxb3 {[%clk 0:48:30]} 16. axb3 {[%clk 0:51:49]} Bxe2
{[%clk 0:48:51]} 17. Qxe2 {[%clk 0:52:15]} a5 {[%clk 0:49:16]} 18. g4
{[%clk 0:51:13]} Qe7 {[%clk 0:41:09]} 19. Rac1 {[%clk 0:44:20]} Rfe8
{[%clk 0:34:18]} 20. g5 {[%clk 0:23:17]} Nh5 {[%clk 0:31:53]} 21. Be3
{[%clk 0:23:44]} g6 {[%clk 0:26:26]} 22. Ne5 {[%clk 0:23:54]} Nxe5
{[%clk 0:24:24]} 23. dxe5 {[%clk 0:24:21]} Qc7 {[%clk 0:13:26]} 24. f4
{[%clk 0:21:05]} Red8 {[%clk 0:12:13]} 25. Bf3 {[%clk 0:20:29]} c5
{[%clk 0:06:08]} 26. Bxh5 {[%clk 0:17:44]} gxh5 {[%clk 0:06:32]} 27. Kf2
{[%clk 0:11:24]} Qc6 {[%clk 0:04:22]} 28. Rxd8+ {[%clk 0:04:56]} Rxd8
{[%clk 0:04:51]} 29. Rd1 {[%clk 0:05:18]} Rc8 {[%clk 0:03:18]} 30. Qa6
{[%clk 0:02:26]} Ra8 {[%clk 0:03:12]} 31. Qd3 {[%clk 0:02:42]} b5
{[%clk 0:03:14]} 32. f5 {[%clk 0:00:41]} c4 {[%clk 0:03:40]} 33. bxc4
{[%clk 0:00:52]} Qxc4 {[%clk 0:03:03]} 34. Qxc4 {[%clk 0:00:35]} bxc4
{[%clk 0:03:29]} 35. Rc1 {[%clk 0:00:56]} c3 {[%clk 0:03:29]} 36. Bd4
{[%clk 0:00:51]} a4 {[%clk 0:02:35]} 37. Bxc3 {[%clk 0:00:45]} Bxc3
{[%clk 0:02:29]} 38. Rxc3 {[%clk 0:01:12]} a3 {[%clk 0:02:56]} 39. Rc1
{[%clk 0:01:40]} a2 {[%clk 0:03:07]} 40. Ra1 {[%clk 0:32:08]} Ra3
{[%clk 0:31:14]} 41. h4 {[%clk 0:25:55]} Kf8 {[%clk 0:29:21]} 42. Ke2
{[%clk 0:17:16]} Rh3 {[%clk 0:29:16]} 0-1

[Event "WCO 2016"]
[Site "?"]
[Date "2016.09.13"]
[Round "11"]
[Board "9"]
[WhiteID "4101588"]
[White "Kramnik Vladimir"]
[BlackID "813192"]
[Black "Vocaturo Daniele"]
[Result "1-0"]
[BlackElo "2583"]
[WhiteElo "2808"]
[LiveChessVersion "1.4.8"]

1. d4 {[%clk 1:30:57]} Nf6 {[%clk 1:30:42]} 2. Nf3 {[%clk 1:31:11]} g6
{[%clk 1:30:36]} 3. g3 {[%clk 1:31:35]} Bg7 {[%clk 1:30:31]} 4. Bg2
{[%clk 1:31:59]} O-O {[%clk 1:30:34]} 5. O-O {[%clk 1:32:23]} d6 {[%clk 1:30:59]}
6. b3 {[%clk 1:32:42]} e5 {[%clk 1:29:33]} 7. dxe5 {[%clk 1:32:58]} dxe5
{[%clk 1:29:56]} 8. Ba3 {[%clk 1:33:11]} Qxd1 {[%clk 1:24:15]} 9. Rxd1
{[%clk 1:33:35]} Re8 {[%clk 1:24:41]} 10. c4 {[%clk 1:31:26]} e4 {[%clk 1:18:36]}
11. Nd4 {[%clk 1:29:50]} c6 {[%clk 1:09:04]} 12. Nc3 {[%clk 1:28:53]} Na6
{[%clk 1:06:29]} 13. e3 {[%clk 1:13:55]} Bg4 {[%clk 0:59:02]} 14. Rd2
{[%clk 1:11:23]} Rad8 {[%clk 0:57:10]} 15. h3 {[%clk 1:09:00]} Bc8
{[%clk 0:54:27]} 16. Rad1 {[%clk 1:07:02]} h5 {[%clk 0:54:07]} 17. Be7
{[%clk 0:53:27]} Rxd4 {[%clk 0:45:01]} 18. Rxd4 {[%clk 0:52:15]} Rxe7
{[%clk 0:45:22]} 19. Rd8+ {[%clk 0:52:38]} Ne8 {[%clk 0:44:47]} 20. Nxe4
{[%clk 0:52:29]} Be6 {[%clk 0:41:53]} 21. Ra8 {[%clk 0:46:05]} Be5
{[%clk 0:32:46]} 22. Rdd8 {[%clk 0:37:43]} Kf8 {[%clk 0:31:46]} 23. Rxa7
{[%clk 0:37:29]} Bc7 {[%clk 0:28:08]} 24. Rda8 {[%clk 0:32:38]} Bb6
{[%clk 0:26:21]} 25. Rxa6 {[%clk 0:32:50]} bxa6 {[%clk 0:26:41]} 26. Nf6
{[%clk 0:33:06]} Bd7 {[%clk 0:22:39]} 27. b4 {[%clk 0:29:48]} c5 {[%clk 0:18:06]}
28. Nd5 {[%clk 0:28:56]} Bc6 {[%clk 0:16:23]} 29. Rxa6 {[%clk 0:29:01]} Bxd5
{[%clk 0:16:29]} 30. Bxd5 {[%clk 0:29:00]} Bd8 {[%clk 0:15:19]} 31. b5
{[%clk 0:22:46]} Rd7 {[%clk 0:14:02]} 32. b6 {[%clk 0:20:17]} Ke7
{[%clk 0:10:32]} 33. b7 {[%clk 0:17:31]} Bc7 {[%clk 0:10:19]} 34. Ra8
{[%clk 0:17:42]} Nf6 {[%clk 0:09:09]} 35. Rc8 {[%clk 0:15:56]} Bd6
{[%clk 0:08:17]} 36. Bc6 {[%clk 0:15:37]} Rd8 {[%clk 0:08:37]} 37. a4
{[%clk 0:15:45]} Nd7 {[%clk 0:06:29]} 38. a5 {[%clk 0:16:03]} Bb8
{[%clk 0:03:43]} 39. a6 {[%clk 0:16:05]} Ne5 {[%clk 0:01:46]} 40. Rxb8
{[%clk 0:45:34]} Rxb8 {[%clk 0:31:32]} 41. Bd5 {[%clk 0:45:44]} 1-0

[Event "WCO 2016"]
[Site "?"]
[Date "2016.09.13"]
[Round "11"]
[Board "10"]
[WhiteID "815837"]
[White "Rombaldoni Axel"]
[BlackID "4147235"]
[Black "Tomashevsky Evgeny"]
[Result "1/2-1/2"]
[BlackElo "2731"]
[WhiteElo "2567"]
[LiveChessVersion "1.4.8"]

1. d4 {[%clk 1:30:51]} Nf6 {[%clk 1:30:48]} 2. c4 {[%clk 1:30:57]} e6
{[%clk 1:31:10]} 3. Nf3 {[%clk 1:31:15]} b6 {[%clk 1:31:23]} 4. a3
{[%clk 1:31:07]} Bb7 {[%clk 1:31:17]} 5. Nc3 {[%clk 1:30:58]} d5 {[%clk 1:31:30]}
6. cxd5 {[%clk 1:30:24]} Nxd5 {[%clk 1:31:21]} 7. e3 {[%clk 1:30:53]} g6
{[%clk 1:30:22]} 8. Bb5+ {[%clk 1:30:16]} c6 {[%clk 1:29:36]} 9. Bd3
{[%clk 1:30:44]} Bg7 {[%clk 1:28:12]} 10. h4 {[%clk 1:29:45]} Nxc3
{[%clk 1:15:46]} 11. bxc3 {[%clk 1:29:59]} c5 {[%clk 1:15:24]} 12. e4
{[%clk 1:04:59]} Nc6 {[%clk 0:59:56]} 13. e5 {[%clk 1:03:40]} Qc7
{[%clk 0:54:35]} 14. O-O {[%clk 0:42:34]} O-O-O {[%clk 0:44:57]} 15. Qe2
{[%clk 0:32:55]} cxd4 {[%clk 0:28:19]} 16. cxd4 {[%clk 0:32:54]} Nxd4
{[%clk 0:28:36]} 17. Nxd4 {[%clk 0:33:02]} Rxd4 {[%clk 0:29:01]} 18. Be3
{[%clk 0:16:07]} Qxe5 {[%clk 0:29:08]} 19. Ba6 {[%clk 0:16:23]} Rxh4
{[%clk 0:24:18]} 20. f4 {[%clk 0:05:22]} Qh5 {[%clk 0:20:01]} 21. Qc4+
{[%clk 0:05:23]} Kb8 {[%clk 0:20:23]} 22. Bxb7 {[%clk 0:04:45]} Kxb7
{[%clk 0:20:21]} 23. Rac1 {[%clk 0:03:51]} Rh1+ {[%clk 0:14:10]} 24. Kf2
{[%clk 0:04:20]} Rxf1+ {[%clk 0:14:15]} 25. Kxf1 {[%clk 0:04:48]} Qd5
{[%clk 0:07:30]} 26. Qc7+ {[%clk 0:05:16]} Ka8 {[%clk 0:05:13]} 27. Qxf7
{[%clk 0:05:39]} Qd3+ {[%clk 0:03:52]} 28. Kf2 {[%clk 0:06:07]} Bd4
{[%clk 0:04:02]} 29. Qxe6 {[%clk 0:05:37]} Qd2+ {[%clk 0:04:02]} 30. Kf3
{[%clk 0:06:03]} Qxe3+ {[%clk 0:04:29]} 31. Qxe3 {[%clk 0:06:29]} Bxe3
{[%clk 0:04:52]} 32. Kxe3 {[%clk 0:06:57]} Kb7 {[%clk 0:05:05]} 33. g4
{[%clk 0:07:11]} Rf8 {[%clk 0:00:55]} 34. Ke4 {[%clk 0:06:35]} Re8+
{[%clk 0:01:21]} 35. Kf3 {[%clk 0:06:14]} Rf8 {[%clk 0:01:36]} 36. Ke4
{[%clk 0:06:42]} Re8+ {[%clk 0:01:10]} 37. Kf3 {[%clk 0:07:10]} Rc8
{[%clk 0:00:42]} 38. Rh1 {[%clk 0:06:55]} h5 {[%clk 0:01:00]} 39. gxh5
{[%clk 0:07:04]} Rc3+ {[%clk 0:00:57]} 40. Ke4 {[%clk 0:34:24]} gxh5
{[%clk 0:31:22]} 41. f5 {[%clk 0:34:18]} Kc7 {[%clk 0:17:01]} 42. Rd1
{[%clk 0:33:26]} Rc2 {[%clk 0:13:11]} 43. f6 {[%clk 0:30:29]} Rf2
{[%clk 0:12:47]} 44. Ke5 {[%clk 0:30:42]} h4 {[%clk 0:12:00]} 45. Rh1
{[%clk 0:28:43]} Kd7 {[%clk 0:09:13]} 46. Rxh4 {[%clk 0:28:47]} Ke8
{[%clk 0:08:18]} 47. Rh8+ {[%clk 0:28:30]} Kf7 {[%clk 0:08:44]} 48. Rh7+
{[%clk 0:28:56]} Kf8 {[%clk 0:09:10]} 49. Rxa7 {[%clk 0:27:49]} b5
{[%clk 0:09:23]} 50. Ke6 {[%clk 0:26:43]} Re2+ {[%clk 0:09:50]} 51. Kd5
{[%clk 0:27:02]} Re3 {[%clk 0:08:08]} 52. Kc5 {[%clk 0:24:22]} Rb3
{[%clk 0:08:18]} 53. Kc6 1/2-1/2

[Event "WCO 2016"]
[Site "?"]
[Date "2016.09.13"]
[Round "11"]
[Board "11"]
[WhiteID "4168119"]
[White "Nepomniachtchi Ian"]
[BlackID "813613"]
[Black "Brunello Sabino"]
[Result "1/2-1/2"]
[BlackElo "2568"]
[WhiteElo "2740"]
[LiveChessVersion "1.4.8"]

1. e4 {[%clk 1:30:57]} e5 {[%clk 1:30:55]} 2. Nf3 {[%clk 1:31:23]} Nc6
{[%clk 1:31:20]} 3. d4 {[%clk 1:31:49]} exd4 {[%clk 1:31:46]} 4. Nxd4
{[%clk 1:32:15]} Bc5 {[%clk 1:32:10]} 5. Nxc6 {[%clk 1:32:40]} Qf6
{[%clk 1:31:49]} 6. Qf3 {[%clk 1:33:05]} dxc6 {[%clk 1:31:13]} 7. Nc3
{[%clk 1:33:27]} Bd4 {[%clk 1:29:53]} 8. Qg3 {[%clk 1:32:49]} Be6
{[%clk 1:19:28]} 9. Bf4 {[%clk 1:33:14]} O-O-O {[%clk 1:11:23]} 10. O-O-O
{[%clk 1:29:04]} Rd7 {[%clk 1:10:29]} 11. Bd3 {[%clk 1:24:31]} Qg6
{[%clk 1:03:45]} 12. Ne2 {[%clk 1:22:57]} Bc5 {[%clk 1:00:24]} 13. f3
{[%clk 1:22:18]} Ne7 {[%clk 0:59:07]} 14. Be5 {[%clk 1:15:26]} f6
{[%clk 0:57:54]} 15. Bc3 {[%clk 1:15:53]} Rhd8 {[%clk 0:51:15]} 16. Nf4
{[%clk 1:13:39]} Be3+ {[%clk 0:39:14]} 17. Kb1 {[%clk 1:10:05]} Bxf4
{[%clk 0:39:22]} 18. Qxf4 {[%clk 1:10:31]} Bc4 {[%clk 0:34:31]} 19. Qe3
{[%clk 1:08:29]} b6 {[%clk 0:34:55]} 20. g4 {[%clk 1:06:59]} Bxd3
{[%clk 0:34:44]} 21. Rxd3 {[%clk 1:07:11]} Rxd3 {[%clk 0:34:25]} 22. cxd3
{[%clk 1:07:36]} c5 {[%clk 0:34:50]} 23. h4 {[%clk 1:07:17]} h6 {[%clk 0:32:09]}
24. Rg1 {[%clk 1:03:22]} Qe8 {[%clk 0:28:11]} 25. Re1 {[%clk 0:58:59]} Ng6
{[%clk 0:20:55]} 26. f4 {[%clk 0:55:51]} Nxh4 {[%clk 0:14:32]} 27. Qh3
{[%clk 0:54:48]} Ng6 {[%clk 0:14:37]} 28. g5+ {[%clk 0:54:58]} Kb8
{[%clk 0:13:58]} 29. gxf6 {[%clk 0:54:18]} gxf6 {[%clk 0:14:06]} 30. Qf5
{[%clk 0:50:45]} Rd6 {[%clk 0:09:48]} 31. Bxf6 {[%clk 0:49:26]} Rxd3
{[%clk 0:08:56]} 32. Rg1 {[%clk 0:46:05]} Ne7 {[%clk 0:07:24]} 33. Qe6
{[%clk 0:43:36]} Qh5 {[%clk 0:06:35]} 34. a3 {[%clk 0:43:37]} Rd1+
{[%clk 0:04:21]} 35. Rxd1 {[%clk 0:44:00]} Qxd1+ {[%clk 0:04:47]} 36. Ka2
{[%clk 0:44:22]} Nc8 {[%clk 0:05:14]} 37. f5 {[%clk 0:42:11]} Nd6
{[%clk 0:05:00]} 38. Be5 {[%clk 0:32:55]} c4 {[%clk 0:03:51]} 39. Bxd6
{[%clk 0:33:01]} Qb3+ {[%clk 0:04:15]} 40. Ka1 {[%clk 1:03:26]} Qd1+
{[%clk 0:34:41]} 41. Ka2 {[%clk 1:03:52]} Qb3+ {[%clk 0:35:08]} 42. Ka1
{[%clk 1:04:17]} Qd1+ {[%clk 0:35:35]} 1/2-1/2